01299nam a2200313 a 4500001001200000003000800012006001900020007001500039008004100054020001800095020001800113040002100131035002100152050002400173100001900197245010900216260003900325300001900364505014800383533015200531650002600683650004400709650003200753650001100785655002900796710001700825856012600842999001700968ebr10289912CaPaEBRm u cr cn|||||||||091123s2008 onca s 000 0 eng d z9781550228434 z9781554908431 aCaPaEBRcCaPaEBR a(OCoLC)56827965514aHQ1061b.C73 2008eb1 aCravit, David.14aThe New oldh[electronic resource] :bhow the boomers are changing everything ... again /cDavid Cravit. aToronto, Ont. :bECW Press,c2008. a200 p. :bill.0 apt. 1. How did we get here? -- pt. 2. The new old landscape -- pt. 3. But some are still clueless -- pt. 4. So what are you supposed to do now? aElectronic reproduction.bPalo Alto, Calif. :cebrary,d2010.nAvailable via World Wide Web.nAccess may be limited to ebrary affiliated libraries. 0aBaby boom generation. 0aMiddle-aged personsxSocial conditions. 0aMiddle agexSocial aspects. 0aAging. 7aElectronic books.2local2 aebrary, Inc.40uhttp://site.ebrary.com/lib/rucke/Doc?id=10289912zAn electronic book accessible through the World Wide Web; click to view c73765d73765